Statystyki dla Stolice położone najdalej od granicy międzynarodowej/morza

Kliknij tutaj aby rozwiązać quiz!

Ogólne statystyki

  • Ten quiz został rozwiązany 71 razy
  • Średni wynik to 8 z 16

Statystyki odpowiedzi

kmKontynentStolica% Poprawnych
401EuropaMoskwa
97%
872Ameryka PołudniowaBrasília
90%
246Ameryka PółnocnaMeksyk
71%
339Ameryka PołudniowaBogota
68%
246EuropaMadryt
68%
195AzjaUłan Bator
68%
291AzjaNur-Sułtan
65%
280AzjaNowe Delhi
63%
373AfrykaChartum
50%
319Ameryka PołudniowaSucre
45%
397AfrykaAddis Abeba
39%
364AzjaRijad
37%
212AfrykaPretoria
31%
336AfrykaDodoma
24%
355AfrykaAbudża
21%
263AfrykaWindhuk
11%

Rozkład punktacji

Percentyl według liczby udzielonych odpowiedzi

Procent ludzi z każdym wynikiem

Twoja historia wyników

Nie rozwiązałeś tego quizu